Holiday Quiz

Random Holiday or Food Quiz

Thanksgiving Dinner States Quiz Stats

Quiz Updated Nov 26, 2015

Challenge
Share
Tweet
Embed
Score 0/40 Timer 02:00
6 Plays Today
State % Correct
California
89.3%
California
88.8%
California
88.2%
Florida
81.5%
Florida
80.8%
Texas
80.4%
Florida
80%
New York
78.6%
New York
77.9%
Washington
76%
Georgia
75.3%
Idaho
74.7%
Washington
70.7%
Oregon
70.2%
Maine
68%
Illinois
66.8%
Michigan
65.6%
North Carolina
65.5%
Michigan
65.3%
Michigan
65.1%
State % Correct
North Carolina
64.9%
Illinois
64.4%
South Carolina
63.8%
Pennsylvania
59.8%
Mississippi
59.8%
Pennsylvania
59.5%
Wisconsin
58.6%
Minnesota
58.3%
Wisconsin
57.5%
Wisconsin
57.2%
Minnesota
56.7%
Wisconsin
55.5%
Massachusetts
53.4%
Arkansas
50.8%
Louisiana
50.6%
Oklahoma
50.1%
Arizona
49.9%
New Jersey
47.9%
North Dakota
46.2%
New Mexico
45.3%

You're not logged in!

Compare scores with friends on all Sporcle quizzes.
Sign Up with Email
OR
Log In

You Might Also Like...

Show Comments

Extras

Top Quizzes Today


Score Distribution

Your Account Isn't Verified!

In order to create a playlist on Sporcle, you need to verify the email address you used during registration. Go to your Sporcle Settings to finish the process.